Centrálne banky po vstupe do Eurosystému

Salvato in:
Dettagli Bibliografici
Autore principale: Kotlebová, Jana, 1969-
Natura: Capitolo di libro
Lingua:slovacco
Tags: Aggiungi Tag
Nessun Tag, puoi essere il primo ad aggiungerne!!

MARC

LEADER 00000naa$a2200000$$$4500
001 0060816
005 20240502083145.2
041 0 |a slo 
044 |a CZ 
245 1 0 |a Centrálne banky po vstupe do Eurosystému  |c Jana Kotlebová 
100 1 |a Kotlebová, Jana, 1969-